Statistics for Flags with the Union Jack On (Couldn't get them all)

Click here to take the quiz!

General Stats

  • This quiz has been taken 26 times
    (13 since last reset)
  • The average score is 10 of 13

Answer Stats

Answer% Correct
Australia
100%
New Zealand
100%
United Kingdom
100%
Bermuda
92%
Fiji
92%
Cook Islands
77%
Tuvalu
77%
Anguilla
69%
British Indian Ocean Territory
69%
Montserrat
69%
British Virgin Islands
62%
Falkland Islands
62%
British Antarctic Territory
54%

Score Distribution

Percentile by Number Answered

Percent of People with Each Score

Your Score History

You have not taken this quiz since the last reset